Sports Quiz

Random Sports or MLB Quiz

MLB - Most starts w/losing record for 1 team 1969-2018 Quiz Stats

 Plays Quiz not verified by Sporcle

Score 0/62 Timer 20:00
0 Plays Today
GS (W - L) Player Name % Correct
331 (104-118)Matt Cain
84.6%
309 (121-123)Jerry Koosman
76.5%
253 (92-105)Randy Jones
72.8%
212 (67-77)Homer Bailey
69.6%
197 (70-72)Livan Hernandez
61.1%
153 (53-69)Roberto Hernandez
61.1%
213 (75-80)Aaron Harang
60.5%
327 (132-135)Mark Gubicza
59.9%
193 (68-78)Jeremy Bonderman
59.3%
345 (128-140)Jim Clancy
58.6%
247 (79-104)Jon Danks
57.4%
175 (58-68)Clayton Richard
56.5%
197 (63-80)Barry Zito
54.9%
177 (54-68)Chris Archer
51.5%
218 (79-89)Rick Mahler
49.4%
157 (58-59)Mike Norris
49.4%
217 (66-96)Mike Moore
46.9%
218 (80-84)Wandy Rodriguez
46.3%
169 (60-67)Zack Greinke
45.7%
268 (117-121)Jim Slaton
43.8%
212 (73-85)Sidney Ponson
42.6%
186 (69-75)Andy Benes
42%
159 (45-70)Zack Duke
40.1%
175 (59-62)John Montefusco
39.5%
267 (93-100)Bob Knepper
38.9%
191 (64-68)Javier Vazquez
38.9%
169 (50-54)Jose Quintana
38.2%
168 (63-65)Gavin Floyd
35.8%
179 (61-62)John Niese
35.4%
158 (53-55)Danny Duffy
34.8%
169 (64-65)Cal Eldred
34.6%
GS (W - L) Player Name % Correct
153 (78-81)Ken Forsch
34.6%
195 (73-105)Rick Langford
33.3%
168 (51-68)Nate Robertson
33.3%
157 (51-72)Bill Stoneman
33.3%
161 (54-74)Jim Abbott
32.7%
151 (47-67)Rudy May
30.9%
154 (48-54)Justin Masterson
30.2%
190 (61-72)Steve Trachsel
29.6%
216 (81-90)Bill Wegman
29%
184 (59-71)Craig Swan
29%
153 (47-65)Jeremy Guthrie
28.4%
185 (53-73)Paul Maholm
26.5%
164 (60-66)Kevin Gross
25.9%
155 (50-75)Matt Keough
24.7%
175 (69-70)Todd Stottlemyre
24.1%
159 (52-64)Tom Candiotti
22.8%
151 (48-60)Tony Armas Jr
22.8%
159 (54-61)Kyle Gibson
21.7%
170 (67-76)Ron Reed
21.6%
220 (90-96)Jim Barr
20.4%
152 (51-57)Kyle Lohse
20.4%
192 (68-82)Steve Renko
19.8%
170 (52-81)Clay Kirby
19.1%
151 (51-58)Luis Leal
17.9%
156 (62-64)Jamie Navarro
16%
187 (74-84)Rick Waits
14.8%
158 (53-70)Bill Bonham
13.6%
161 (47-62)Frank Castillo
9.9%
150 (52-65)Ed Halicki
9.3%
157 (65-67)Bill Travers
8%
160 (61-70)Dick Drago
6.8%

You're not logged in!

Compare scores with friends on all Sporcle quizzes.
OR
Log In

Show Comments

Extras

Top Quizzes Today


Score Distribution

Your Account Isn't Verified!

In order to create a playlist on Sporcle, you need to verify the email address you used during registration. Go to your Sporcle Settings to finish the process.

Report this User

Report this user for behavior that violates our Community Guidelines.

Details: